[Event "AUTO-INT-2083"]
[Site "http://www.queenalice.com/game.php?id=958942"]
[Date "2011.7.10"]
[Round "1"]
[White "Wecker"]
[Black "kinggeorge"]
[Result "0-1"]
[WhiteElo "1358"]
[BlackElo "1477"]

1. e4 e6 2. Nf3 c6 3. d4 Nf6 4. Nc3 Qa5 5. Bd2 c5 6. dxc5 Bxc5 7. a3 b5 8. b4
Qb6 9. bxc5 Qxc5 10. Bxb5 Qh5 11. Bg5 a6 12. Be2 a5 13. Bxf6 gxf6 14. h3 Rg8 15.
g4 Qg6 16. O-O h5 17. Nh4 Qh6 18. Ng2 Nc6 19. gxh5 Qg5 20. Bg4 Ne5 21. f4 Nf3+
22. Bxf3 Qc5+ 23. Kh1 Qxc3 24. Be2 Qxh3+ 0-1

[Event "AUTO-INT-2083"]
[Site "http://www.queenalice.com/game.php?id=958943"]
[Date "2011.7.10"]
[Round "1"]
[White "kinggeorge"]
[Black "Wecker"]
[Result "1-0"]
[WhiteElo "1465"]
[BlackElo "1370"]

1. e3 d5 2. Qf3 Nf6 3. h4 Bg4 4. Qf4 Nc6 5. f3 e5 6. Qa4 Bd7 7. Qb3 b6 8. Nc3
Bc5 9. d4 exd4 10. Na4 dxe3 11. c4 d4 12. Nxc5 bxc5 13. Qb5 Ne5 14. Qxc5 Nc6 15.
Ne2 Qe7 16. Qg5 d3 17. Qxg7 Rf8 18. Kd1 dxe2+ 19. Bxe2 O-O-O 20. Qg5 Ne5 21.
Qxe3 Rfe8 22. Qxa7 Bc6+ 23. Bd2 Bb7 24. a4 1-0

[Event "AUTO-OPEN-2411"]
[Site "http://www.queenalice.com/game.php?id=958988"]
[Date "2011.7.10"]
[Round "1"]
[White "smothered_mate"]
[Black "kinggeorge"]
[Result "1-0"]
[WhiteElo "2252"]
[BlackElo "1374"]

1. d4 d5 2. c4 e6 3. Nc3 a5 4. Nf3 Nc6 5. Bf4 Nf6 6. e3 Bb4 7. a3 Bf8 8. Rc1 Nh5
9. Bg5 f6 10. Bh4 g5 11. Bg3 f5 12. Be5 Rg8 13. cxd5 exd5 14. Nxd5 Qxd5 15. Bc4
Qe4 16. Bxg8 Qg4 17. h3 Qxg2 18. Rh2 Nxe5 19. Rxg2 b5 20. Nxe5 Nf6 21. Qb3 f4
22. Qf7+ Kd8 23. Nc6# 1-0

[Event "AUTO-OPEN-2411"]
[Site "http://www.queenalice.com/game.php?id=958989"]
[Date "2011.7.10"]
[Round "1"]
[White "kinggeorge"]
[Black "smothered_mate"]
[Result "0-1"]
[WhiteElo "1363"]
[BlackElo "2247"]

1. Nf3 d5 2. Nd4 e5 3. Nb3 Nf6 4. a3 c5 5. h4 c4 6. Nd4 exd4 7. e3 Nc6 8. d3 Be6
9. c3 dxe3 10. fxe3 Bd6 11. Rg1 Bg3+ 12. Kd2 Bg4 13. Qa4 Ne4+ 14. dxe4 dxe4+ 15.
Bd3 Qxd3# 0-1

[Event "AUTO-OPEN-2411"]
[Site "http://www.queenalice.com/game.php?id=959004"]
[Date "2011.7.10"]
[Round "1"]
[White "kinggeorge"]
[Black "INCOGNITO"]
[Result "1-0"]
[WhiteElo "1372"]
[BlackElo "1427"]

1. e4 f5 2. Qf3 fxe4 3. Qf4 Nf6 4. Bc4 d5 5. Bb5+ c6 6. Be2 Nbd7 7. d3 e5 8. Qg3
Qc7 9. dxe4 Nxe4 10. Qh3 Ndc5 11. g4 Bd6 12. Qh5+ g6 13. Qh6 Qf7 14. f3 Bf8 15.
Qe3 d4 16. Qa3 Bxg4 17. Nd2 Nxd2 18. Bxd2 Bf5 19. b4 Ne6 20. Bc4 Be7 21. Qa5
Bxc2 22. Qxe5 Qg7 23. Qxe6 Bf5 24. Qe2 1-0

[Event "AUTO-OPEN-2411"]
[Site "http://www.queenalice.com/game.php?id=959005"]
[Date "2011.7.10"]
[Round "1"]
[White "INCOGNITO"]
[Black "kinggeorge"]
[Result "1-0"]
[WhiteElo "1509"]
[BlackElo "1361"]

1. d4 e6 2. a3 Nc6 3. Nc3 Qf6 4. Nf3 a5 5. Bg5 Qg6 6. e3 h6 7. Bd3 f5 8. Bf4
Qxg2 9. Rg1 Qh3 10. Rg3 Qh5 11. Nb5 Rb8 12. Nxc7+ Ke7 13. d5 e5 14. dxc6 exf4
15. Nd5+ Kd8 16. c7+ Ke8 17. cxb8=Q Kd8 18. Qc7+ Ke8 19. Qxc8+ Kf7 20. Qxd7+ Ne7
21. Ne5+ Kg8 22. Nf6# 1-0

[Event "AUTO-INT-2147"]
[Site "http://www.queenalice.com/game.php?id=986657"]
[Date "2011.9.18"]
[Round "1"]
[White "helderdinizcp"]
[Black "kinggeorge"]
[Result "0-1"]
[WhiteElo "1608"]
[BlackElo "1442"]

1. e4 e5 2. Nf3 Qf6 3. g4 d6 4. g5 Qg6 5. Nc3 Bg4 6. d3 Qh5 7. Be2 d5 8. Nxd5
Bc5 9. Nxc7+ Kd8 10. Nxa8 h6 11. c3 f6 12. h4 fxg5 13. Nxg5 Nf6 14. f3 Bd7 15.
b4 hxg5 16. Bxg5 Rf8 17. bxc5 Ke7 18. d4 Nc6 19. d5 Nd8 20. d6+ Kf7 21. Nc7 Kg8
22. Bc4+ Kh8 23. Qd3 Bg4 24. Ke2 Nxe4 25. fxg4 Rf2+ 26. Ke3 Qxg4 27. Qxe4 Qg3+
28. Qf3 Qxf3# 0-1

[Event "AUTO-INT-2147"]
[Site "http://www.queenalice.com/game.php?id=986658"]
[Date "2011.9.18"]
[Round "1"]
[White "kinggeorge"]
[Black "helderdinizcp"]
[Result "0-1"]
[WhiteElo "1488"]
[BlackElo "1539"]

1. c4 e5 2. d4 exd4 3. Qxd4 c5 4. Qe3+ Be7 5. Qe4 Nf6 6. Qf3 Nc6 7. Qg3 Rg8 8.
e3 d5 9. cxd5 Nb4 10. Kd1 Qxd5+ 11. Nd2 Ne4 12. Qf3 Nd3 13. Nxe4 Ne5+ 14. Nd2
Nxf3 15. Bb5+ Kf8 16. gxf3 Bg4 17. Bc4 Qd7 18. fxg4 Qxg4+ 19. f3 Qg2 20. f4 Rd8
21. Nf3 Qxh1+ 22. Kc2 Rxd2+ 23. Kxd2 Qxf3 24. a4 Qf2+ 25. Be2 Qxh2 26. b4 cxb4
27. Bb2 f5 28. Rc1 g5 29. Rc8+ Kf7 30. Rc4 Rd8+ 31. Rd4 Rxd4+ 32. Bxd4 gxf4 33.
exf4 Qxf4+ 34. Be3 Qd6+ 35. Bd3 b3 36. Kc3 Qb4+ 37. Kb2 Bf6+ 38. Kb1 f4 39. Bxh7
fxe3 0-1

[Event "AUTO-INT-2147"]
[Site "http://www.queenalice.com/game.php?id=986669"]
[Date "2011.9.18"]
[Round "1"]
[White "Danado"]
[Black "kinggeorge"]
[Result "1-0"]
[WhiteElo "1623"]
[BlackElo "1474"]

1. e4 e5 2. a3 Qf6 3. d3 Bc5 4. Be3 Na6 5. Bxc5 Nxc5 6. Nc3 Nh6 7. Nd5 Qd6 8.
Ne3 f5 9. exf5 g6 10. Nc4 Qd4 11. c3 Qd5 12. fxg6 Rf8 13. Ne3 Qe6 14. Qh5 Qd6
15. g7+ Rf7 16. Nf5 Qf6 17. g4 Nxf5 18. g8=Q+ Ke7 19. Qgg5 Qxg5 20. Qxg5+ Kf8
21. gxf5 d6 22. d4 Ne4 23. Qe3 Bxf5 24. dxe5 d5 25. Bd3 Re8 26. Bxe4 dxe4 27.
Qxa7 Rxe5 28. Qxb7 e3 29. fxe3 Rxe3+ 30. Ne2 Bg4 31. Qb4+ Rfe7 32. Qxg4 c5 33.
Rd1 R3e4 34. Rf1+ Ke8 35. Qg8# 1-0

[Event "AUTO-INT-2147"]
[Site "http://www.queenalice.com/game.php?id=986670"]
[Date "2011.9.18"]
[Round "1"]
[White "kinggeorge"]
[Black "Danado"]
[Result "0-1"]
[WhiteElo "1464"]
[BlackElo "1633"]

1. g3 e5 2. e4 Nf6 3. Qf3 d6 4. d4 exd4 5. h4 Nc6 6. h5 Be6 7. h6 g6 8. Rh4 Qe7
9. Bg5 Ne5 10. Qa3 a6 11. Ne2 Bg4 12. Rxg4 Nexg4 13. Qb3 b6 14. Nxd4 Qe5 15. Bf4
Qxd4 16. Qa4+ Qxa4 17. Bd3 Qb4+ 18. Bd2 Qc5 19. Kd1 Nxf2+ 20. Ke2 Nxd3 21. cxd3
Qb5 22. Nc3 Qxb2 23. Rc1 Rg8 24. Rb1 Qa3 25. Nd1 Qxa2 26. Nc3 Qa5 27. g4 Bxh6
28. Bxh6 Qxc3 29. Bd2 Qd4 30. Rb4 Qg1 31. Rc4 Qxg4+ 32. Ke3 O-O-O 33. e5 Nd5+
34. Kf2 Qf5+ 35. Ke1 Rge8 36. Ra4 a5 0-1

[Event "AUTO-INT-2147"]
[Site "http://www.queenalice.com/game.php?id=986677"]
[Date "2011.9.18"]
[Round "1"]
[White "kinggeorge"]
[Black "BALASH"]
[Result "0-1"]
[WhiteElo "1455"]
[BlackElo "1401"]

1. e4 e5 2. d4 Nc6 3. Bc4 Nf6 4. d5 Nd4 5. f4 Nxe4 6. Qg4 Nf6 7. Qh3 d6 8. Qa3
Nxc2+ 9. Kd1 Nxa3 10. Nxa3 Bg4+ 11. Ke1 Be7 12. h3 Bf5 13. Nf3 h6 14. fxe5 dxe5
15. Bb5+ Bd7 16. Nxe5 O-O 17. Bd3 a6 18. g4 g5 19. h4 Bb4+ 20. Kd1 Ba4+ 21. b3
Bd7 22. hxg5 Nxg4 23. Nxg4 Bxg4+ 24. Kc2 Qxd5 25. gxh6 Qxh1 26. Bb2 Qg2+ 27. Kb1
Qg1+ 28. Bc1 Rad8 29. h7+ Kh8 30. Kc2 Qf2+ 31. Kb1 Bf5 32. Nc2 Bxd3 33. Bb2+ f6
34. a3 Qxc2+ 35. Ka2 Qxb2+ 36. Kxb2 Rfe8 37. axb4 Re2+ 38. Kc3 f5 39. Rg1 Kxh7
40. b5 Be4 41. Kb4 Rd4+ 42. Ka3 axb5 43. Rc1 c6 44. Rc3 b4+ 0-1

[Event "AUTO-INT-2147"]
[Site "http://www.queenalice.com/game.php?id=986678"]
[Date "2011.9.18"]
[Round "1"]
[White "BALASH"]
[Black "kinggeorge"]
[Result "1-0"]
[WhiteElo "1426"]
[BlackElo "1437"]

1. e4 e5 2. Nf3 d5 3. Nc3 Qf6 4. Bb5+ c6 5. Bd3 Qg6 6. g3 d4 7. Ne2 c5 8. Bb5+
Bd7 9. Bxd7+ Nxd7 10. d3 Qf6 11. Nd2 c4 12. Nxc4 Qf3 13. O-O Qh5 14. a3 Ndf6 15.
h4 g5 16. Kg2 gxh4 17. Rh1 Nh6 18. Bxh6 Qxh6 19. Qd2 Qh5 20. Rh3 Bh6 21. Qb4 Rg8
22. Qb5+ Ke7 23. Qc5+ Ke8 24. Qb5+ Kf8 25. Qc5+ Kg7 26. f3 Kh8 27. Rah1 Rac8 28.
Qxa7 Rg5 29. Rxh4 Qg6 30. Rxh6 Qg7 31. Qxb7 Rg8 32. g4 Nxg4 33. Rxh7+ Qxh7 34.
Rxh7+ Kxh7 35. Qxf7+ Kh6 36. Qe6+ Nf6+ 37. Kf1 R8g6 38. Qh3+ Nh5 39. Ke1 Kg7 40.
Qd7+ Kh6 41. Qe7 Nf4 42. Nxe5 Re6 43. Qf8+ Kh5 44. Nxf4+ Kh4 45. Kf2 Rexe5 46.
Qh6+ Rh5 47. Qg6 Rhg5 48. Ng2+ Kh3 49. Qh7+ Rh5 50. Nf4+ Kh4 51. Qd7 Rc5 52.
Ng2+ Kg5 53. f4+ Kf6 54. e5+ 1-0

[Event "AUTO-OPEN-2481"]
[Site "http://www.queenalice.com/game.php?id=986685"]
[Date "2011.9.18"]
[Round "1"]
[White "Severynnas"]
[Black "kinggeorge"]
[Result "0-1"]
[WhiteElo "1367"]
[BlackElo "1419"]

1. d4 d6 2. Nf3 Nc6 3. Nc3 a5 4. Bg5 h6 5. Bf4 Nf6 6. e3 e5 7. dxe5 Nh5 8. Bb5
g5 9. Bxc6+ bxc6 10. Bg3 Nxg3 11. hxg3 Bg4 12. Ne4 Qe7 13. Qd4 Rb8 14. Nfd2 Rb4
15. Qd3 Qxe5 16. O-O d5 17. c3 Rxe4 18. f3 Rxe3 19. Qc2 Bc5 20. fxg4 Re1+ 21.
Kh2 Bd6 22. Rfxe1 h5 23. Rxe5+ Bxe5 24. gxh5 Rxh5+ 25. Kg1 Bxg3 26. b3 Bh2+ 27.
Kf2 g4 28. Re1+ Kd8 29. c4 g3+ 30. Kf3 Rh6 31. cxd5 Rf6+ 32. Ke3 cxd5 33. Kd3
Rf2 34. a3 Rxg2 35. Nf3 Rxc2 36. Nxh2 Rxh2 37. Re5 g2 38. Rxd5+ Kc8 39. Rxa5
g1=Q 40. Ra8+ Kb7 41. Ra5 Qd1+ 42. Ke3 Qd2+ 43. Ke4 Re2+ 44. Kf5 Qxa5+ 45. Kf6
Rf2+ 46. Kg7 Qe5+ 47. Kf8 Qc5+ 48. Ke8 Re2+ 49. Kxf7 Qe7+ 50. Kg6 Re5 51. a4
Rg5+ 52. Kh6 Qg7# 0-1

[Event "AUTO-OPEN-2481"]
[Site "http://www.queenalice.com/game.php?id=986686"]
[Date "2011.9.18"]
[Round "1"]
[White "kinggeorge"]
[Black "Severynnas"]
[Result "1-0"]
[WhiteElo "1438"]
[BlackElo "1139"]

1. e4 Nf6 2. Qf3 Nc6 3. Bc4 g6 4. e5 Nxe5 5. Qf4 Nxc4 6. Qxc4 Bg7 7. b3 O-O 8.
h4 d5 9. Qd3 Bf5 10. Qg3 Bxc2 11. Nc3 d4 12. h5 dxc3 13. hxg6 hxg6 14. dxc3 Ne4
15. Qh4 c5 16. Qh7# 1-0

[Event "AUTO-OPEN-2481"]
[Site "http://www.queenalice.com/game.php?id=986713"]
[Date "2011.9.18"]
[Round "1"]
[White "kinggeorge"]
[Black "RafaelCabral"]
[Result "0-1"]
[WhiteElo "1431"]
[BlackElo "1903"]

1. e4 c5 2. Qf3 Nc6 3. Bc4 Ne5 4. Qe2 e6 5. Nf3 Nc6 6. Nc3 a6 7. Na4 b5 8. Ng5
Qxg5 9. Nb6 Rb8 10. d3 Qxg2 11. Rf1 Rxb6 12. Bb3 Nd4 13. Qe3 a5 14. a4 bxa4 15.
Bxa4 Rb4 16. Qe2 Nxe2 17. Kxe2 Ba6 18. c3 Rxe4+ 19. Be3 Nf6 20. c4 Rxc4 21. dxc4
Bxc4+ 22. Kd2 Bxf1 23. Rc1 Qd5+ 24. Ke1 Qd3 25. Bd1 Ne4 26. Rc2 c4 27. Be2 Bxe2
28. Rxe2 Bb4+ 29. Kf1 Qd1+ 0-1

[Event "AUTO-OPEN-2481"]
[Site "http://www.queenalice.com/game.php?id=986714"]
[Date "2011.9.18"]
[Round "1"]
[White "RafaelCabral"]
[Black "kinggeorge"]
[Result "1-0"]
[WhiteElo "1901"]
[BlackElo "1433"]

1. d4 d6 2. e4 e6 3. Bd3 Qf6 4. Ne2 Qg6 5. O-O e5 6. f4 Bh3 7. Ng3 Be7 8. f5 Qf6
9. dxe5 Qh4 10. gxh3 dxe5 11. Kg2 Nh6 12. Nd2 Qf6 13. Nf3 Qb6 14. Nxe5 Qf6 15.
Nc4 Qc6 16. Qh5 Nd7 17. Bxh6 gxh6 18. Rf3 b5 19. Ne3 Rg8 20. Ng4 Nc5 21. f6 Nxd3
22. cxd3 Qc2+ 23. Rf2 Qxd3 24. Qe5 Kd8 25. fxe7+ Kd7 26. Nf6+ Kc8 27. Nxg8 Kb7
28. Rd1 Qxd1 29. Qxb5+ Kc8 30. e8=Q+ Qd8 31. Qa6+ 1-0

[Event "AUTO-OPEN-2481"]
[Site "http://www.queenalice.com/game.php?id=986715"]
[Date "2011.9.18"]
[Round "1"]
[White "kinggeorge"]
[Black "roc93"]
[Result "1-0"]
[WhiteElo "1444"]
[BlackElo "1360"]

1. e4 e5 2. Qf3 d6 3. Bc4 Be6 4. Bd5 Nf6 5. Qb3 c6 6. Qa4 Qb6 7. Bc4 Nxe4 8.
Bxe6 Nc5 9. Bxf7+ Kxf7 10. Qg4 Be7 11. d3 Nbd7 12. Qh5+ g6 13. Qf3+ Nf6 14. h4
e4 15. dxe4 Nxe4 16. Be3 d5 17. g4 Qxb2 18. g5 Qxa1 19. Qd1 Qxa2 20. gxf6 Bb4+
21. Kf1 1-0

[Event "AUTO-OPEN-2481"]
[Site "http://www.queenalice.com/game.php?id=986716"]
[Date "2011.9.18"]
[Round "1"]
[White "roc93"]
[Black "kinggeorge"]
[Result "0-1"]
[WhiteElo "1396"]
[BlackElo "1429"]

1. e4 e5 2. Nf3 c6 3. Nxe5 Qe7 4. d4 d5 5. exd5 Nf6 6. Nc3 Qb4 7. Qe2 h5 8. a3
Qa5 9. dxc6 Bg4 10. f3 Bf5 11. Nc4+ Be6 12. Nxa5 bxc6 13. f4 Kd7 14. Be3 Bg4 15.
Qc4 Be6 16. Qa4 Bd6 17. O-O-O Rc8 18. d5 Nxd5 19. Nxd5 Ke8 20. Nb7 Bf8 21. Bxa7
Nd7 22. Bc4 cxd5 0-1

[Event "QA-ANNIV-07"]
[Site "http://www.queenalice.com/game.php?id=992102"]
[Date "2011.10.1"]
[Round "2"]
[White "kinggeorge"]
[Black "o3bor52"]
[Result "0-1"]
[WhiteElo "1421"]
[BlackElo "1862"]

1. e4 c5 2. Qf3 d6 3. Bc4 e6 4. Ne2 Nc6 5. Nf4 Ne5 6. Bb5+ Bd7 7. Qb3 Nf6 8. a4
a6 9. Be2 Bc6 10. h3 Nxe4 11. Bh5 c4 12. Qe3 Nf6 13. b4 cxb3 14. Qxb3 Nxh5 15.
Nxh5 g6 16. Nf4 Bg7 17. h4 O-O 18. h5 g5 19. h6 Bh8 20. Nh5 Ng4 21. Na3 Bxa1 22.
c3 Nf6 23. Qb1 Nxh5 24. Rxh5 f6 25. Qxa1 Bxg2 26. Qb1 Qc7 27. c4 d5 28. f4 Qxf4
29. Kd1 Qf1+ 30. Kc2 Be4+ 31. Kb2 Bxb1 32. Kxb1 dxc4 33. Rh3 Qxh3 34. Nxc4 Rac8
35. Ne3 Qh1 36. Nc2 Rfd8 0-1